Estadísticas para 10 principales países con muertes de Covid-19 - 22 de abril

Haz click aquí para intentar la prueba.

Estadísticas generales

  • Esta prueba ha sido intentada 12 veces
  • La puntuación promedio es 10 de 13

Estadísticas de respuestas

país% Correcto
China
100%
España
100%
Estados Unidos
100%
Reino Unido
100%
Francia
90%
Italia
90%
Alemania
80%
Países Bajos
70%
Bélgica
60%
Suiza
60%
Irán
50%
Suecia
50%
Irlanda
20%

Distribución de puntuación

Porcentaje por número respondido

Porcentaje de gente con cada puntuación

Historial de tus puntuaciones

No has intentado esta prueba.